01163nac a22003011i 4500003000900000005001700009008004100026020001800067020001500085040004300100082001700143100004300160245008400203250003500287264004900322264001000371300007100381336002600452337002800478338002700506504005100533650004200584655001700626856008100643942001200724999001500736952011000751EG-ScBUE20260105091944.0260105t2007 caua g b 001 0 eng d a9780495111276 a0495111279 aEG-ScBUEbengerdacEG-ScBUEdEG-ScBUE04a547bMCM2221 aMcMurry, John, eauthor.10aOrganic chemistry :ba biological approach /cJohn McMurry, Cornell University. aInternational student edition. 1aBelmont, CA : bThomson Brooks/Cole,c[2007] 4cc2007 a1 volume (various pagings) : billustrations (some color) ;c27 cm 2rdacontentatextbtxt aunmediated2rdamediabn avolumebnc2rdacarrier aIncludes bibliographical references and index. 7aChemistry, OrganicvTextbooks.2BUEsh vReading book413Table of contents onlyuhttp://www.loc.gov/catdir/toc/fy0614/2006920388.html cNB2ddc c1919d1919 00102ddc3 4070aMAINbMAINc1STd2007-02-05ePurchasel0o547 MCMp000002433r2025-07-15 00:00:00yNB